Word Ladder: Asgardians Quiz Stats

 Plays Quiz Updated May 23, 2018

Challenge
Share
Tweet
Embed
Score 0/17 Timer 02:00
1 Play Today
Clue 4-Letter Word % Correct
★ Title character portrayed by Chris Hemsworth ★★ THOR ★
94.5%
Whaler's cry, '____ she blows!'THAR
91.7%
Partially burn so as to blackenCHAR
90.7%
Hen homeCOOP
89.6%
Dice or minceCHOP
86.5%
Fictional Chinese detective Charlie ____CHAN
84.4%
Downtown Chicago area, or a part of most rollercoastersLOOP
80.1%
Biblical pronoun, or the square root of a milTHOU
78.3%
Chinese statesman ____ En-laiCHOU
74.4%
Clue 4-Letter Word % Correct
Part of a door, a canal, or a head of hairLOCK
73.9%
Appearance or bearing ... or a UK fashion magazineLOOK
72.9%
Jean M. Auel novel '____ of the Cave Bear'CLAN
66.5%
★ Character portrayed by Tom Hiddleston ★★ LOKI ★
65.4%
★ Character portrayed by Anthony Hopkins ★★ ODIN ★
61.7%
Sets of points satisfying specified formulas or conditionsLOCI
55.3%
'Havana' actress Lena or 'thirtysomething' actor KenOLIN
51.7%
Luise Rainer's Oscar-winning role in 'The Good Earth'OLAN
47.6%

Today's Daily Dose

Missing Word
Witch Songs

Word Ladder
Alabama

Quick Pick
Fanta Flavors

On This Day
October 15th II

You're not logged in!

Compare scores with friends on all Sporcle quizzes.
Join for Free
OR
Log In

You Might Also Like...

Show Comments

Extras

Top Quizzes Today


Score Distribution

Your Account Isn't Verified!

In order to create a playlist on Sporcle, you need to verify the email address you used during registration. Go to your Sporcle Settings to finish the process.

Report this User

Report this user for behavior that violates our Community Guidelines.

Details: